| 000 | 00542nam a22001932 4500 | ||
|---|---|---|---|
| 001 | 0000005568 | ||
| 005 | 20151217160107.0 | ||
| 008 | 070619s xx 000 0 eng d | ||
| 040 |
_aKABU _cKABU |
||
| 050 | 0 |
_aPZ7 _b.M39R63 |
|
| 100 | 1 |
_aMayer, Mercer. _@0000156825 |
|
| 245 | 1 | 4 | _aThe Rocking horse angel. |
| 260 |
_aNew York : _bM. Cavendish, _c2000. |
||
| 300 | _a[42] p. | ||
| 908 | _a070619 | ||
| 950 | _@1 | ||
| 999 |
_c14136 _d14136 |
||